000 00664nam a2200181Ia 4500
008 151018s9999 xx 000 0 und d
082 _bRBASDV5582
_a891.463
100 _aप्रफुल्ल दत्त
245 _aदुर्गावाडीतील दैवते
250 _b1
260 _bबलवंत पुस्तक भांडार
_c1964
300 _a121
600 _aप्रफुल्ल दत्त
630 _aदुर्गावाडीतील दैवते
700 _aप्रफुल्ल दत्त
730 _aदुर्गावाडीतील दैवते
942 _cBOOK
999 _c1007965
_d1007962